Laboratory directions in general Zoology
Guardat en:
| Autor principal: | |
|---|---|
| Altres autors: | |
| Format: | Llibre |
| Idioma: | anglès |
| Publicat: |
New York, USA
John Wiley
1948
|
| Edició: | Cuarta edición |
| Matèries: | |
| Etiquetes: |
Afegir etiqueta
Sense etiquetes, Sigues el primer a etiquetar aquest registre!
|
MARC
| LEADER | 00000nam a2200000 a 4500 | ||
|---|---|---|---|
| 001 | UCT5262 | ||
| 003 | CL-VaPUC | ||
| 005 | 20250225111401.0 | ||
| 008 | 961205e19480000US |||||||||||||||||eng|d | ||
| 999 | |c 254236 |d 254234 | ||
| 040 | |c Pontificia Universidad Católica de Valparaíso | ||
| 082 | 0 | 4 | |a 591.072 CUR 1948 |2 21 |
| 100 | 0 | |a Curtis, Winterton C |9 374619 | |
| 245 | 1 | 0 | |a Laboratory directions in general Zoology |
| 250 | |a Cuarta edición | ||
| 260 | 0 | 3 | |a New York, USA |b John Wiley |c 1948 |
| 300 | |a 236 páginas | ||
| 583 | |a last modification |c 19961205 00:00:00 |k Rodrigo Vera | ||
| 650 | 0 | |a Zoología |9 261613 | |
| 650 | 0 | |a Vertebrados |9 320144 | |
| 650 | 0 | |a Anfibios |9 269791 | |
| 650 | 0 | |a Herencia |9 256325 | |
| 650 | 7 | |a FISIOLOGIA ANIMAL |2 CL-VaPUC |9 269586 | |
| 650 | 7 | |a LABORATORIOS |2 CL-VaPUC |9 264068 | |
| 700 | 0 | |a Guthrie, Mary J |9 374620 | |
| 942 | |c BK |2 ddc | ||
| 945 | |d 19961205 00:00:00 |a paguirre | ||